| 000 | 00373nam a22001457a 4500 | ||
|---|---|---|---|
| 005 | 20170725145358.0 | ||
| 008 | 170725b xxu||||| |||| 00| 0 eng d | ||
| 022 | _a05788072 | ||
| 040 | _cPK-LaUMT | ||
| 082 |
_aZIAC 297.05 _bISL- |
||
| 245 | _aIslamic studies(Vol 49 , No.2)/ | ||
| 260 |
_aIslamabad: _bIslamic research institute, _c2010 |
||
| 300 | _a289 p. | ||
| 942 | _cBK | ||
| 999 |
_c95656 _d95656 |
||